Can you find the countries by monuments - Statistics

General Stats
  • This quiz has been taken 21 times
  • The average score is 7 of 9
Answer Stats
Hint Answer % Correct
Sardar Vallabhai Patel Statue India
100%
Taj Mahal India
100%
Pyramids Of Giza Egypt
94%
The Moscow Kremlin Russia
94%
Washington Monument USA
88%
Chichen Itza Mexico
81%
Outback Australia
63%
Laykyun Sekkya Myanmar
19%
Zubara Fort Qatar
13%
No matching quizzes found
Score Distribution
Percent of People with Each Score
Percentile by Number Answered
Your Score History
You have not taken this quiz